Loading...
| Fine Arts - Classical Music | 3 | 6.67 | 33% | 33% | 0% |
| Fine Arts - Other Fine Arts | 2 | 10.00 | 100% | 0% | 0% |
| Geography | 1 | 0.00 | 0% | 0% | 0% |
| History - American History | 2 | 15.00 | 100% | 50% | 0% |
| History - European History | 4 | 10.00 | 75% | 25% | 0% |
| History - Other History | 6 | 15.00 | 100% | 33% | 17% |
| History - World History | 5 | 10.00 | 80% | 20% | 0% |
| Literature - American Literature | 6 | 13.33 | 100% | 33% | 0% |
| Literature - British Literature | 2 | 15.00 | 100% | 0% | 50% |
| Literature - European Literature | 9 | 14.44 | 89% | 44% | 11% |
| Literature - World Literature | 4 | 10.00 | 100% | 0% | 0% |
| Mythology | 5 | 16.00 | 100% | 60% | 0% |
| Painting/Sculpture | 4 | 15.00 | 100% | 50% | 0% |
| Philosophy | 2 | 20.00 | 100% | 100% | 0% |
| Pop Culture | 2 | 20.00 | 50% | 100% | 50% |
| Religion | 4 | 15.00 | 100% | 50% | 0% |
| Science - Biology | 3 | 10.00 | 100% | 0% | 0% |
| Science - Chemistry | 5 | 18.00 | 100% | 80% | 0% |
| Science - Other Science | 2 | 15.00 | 100% | 50% | 0% |
| Science - Physics | 1 | 20.00 | 100% | 100% | 0% |
| Social Science | 3 | 10.00 | 67% | 33% | 0% |